000 03456ngm a22005410a 4500
001 PT58496
003 AR-LpoUNG
005 20210202000124.0
007 vd cvaizq
008 191001s2006||||ag |||||||||||||||||spa d
040 _aAR-LpoUNG
_bspa
_cAR-LpoUNG
_eaacr
041 _aspa
044 _aag
082 0 _a303.64 394v3
100 1 _aGetino, Aldo
245 1 0 _aHistorias del PRT-ERP :
_b(1976-1980)
260 _a[Buenos Aires] :
_bMascaró,
_c2006.
300 _aDVD (90 min.) : son., col., byn
505 0 _aHecha en 2006. Subtítulos en inglés e italiano. Contiene película, escenas y extras. Producción: Mascaró, cine americano. Investigación, guión, producción y realización: Aldo Getino, Laura Lagar, Mónica Simoncini, Omar Neri y Susana Vázquez.
520 _aGaviotas Blindadas es una trilogía que refleja la historia del PRT-ERP (Partido Revolucionario de los Trabajadores - Ejército Revolucionario del Pueblo). Con una mirada fresca pero comprometida, se recorren los acontecimientos históricos más importantes de las últimas décadas, desde las primeras luchas en Santiago del Estero y Tucumán hasta la participación de los internacionalistas en Nicaragua a fines de los años 70. Refleja la más grande experiencia de un partido revolucionario desarrollado en la Argentina, a la luz del marxismo-leninismo, que luchó para arrebatarle el poder a la burguesía y cambiar las estructuras políticas, sociales, culturales, económicas y morales. En esta tercera y última parte se muestra las distintas formas de resistencia a la última dictadura militar en Argentina y la participación internacionalista de los militantes del PRT-ERP en la Revolución Nicaragüense. Cuando se aborda este período histórico, muchas veces se olvidan las variadas luchas que se libraron después de marzo de 1976: la resistencia armada, que atentó contra Videla y sus ministros; la resistencia y organización obrera en las fábricas; la dignidad de los prisioneros en las cárceles y los campos de concentración; los que salieron del país y denunciaron al mundo el genocidio planificado contra todo el pueblo argentino, acompañando a las Madres de Plaza de Mayo, que hacían lo propio, marchando en sus rondas frente a las puertas mismas del poder. En esos años, el PRT-ERP también siguió forjando su historia, con la creación de las escuelas de formación política en Europa y la participación internacionalista de un contingente de hombres y mujeres que fueron a luchar a Nicaragua contra la Dictadura de Anastacio Somoza, al mando del Frente Sandinista de Liberación Nacional (FSLN) y el posterior triunfo de la Revolución Nicaragüense.
650 4 _aARGENTINA
650 4 _aASPECTOS POLITICOS
650 4 _aDICTADURA
650 4 _aGOLPES DE ESTADO
650 4 _aHISTORIA POLITICA
650 4 _aIMPERIALISMO
650 4 _aMOVIMIENTOS OBREROS
650 4 _aNICARAGUA
650 4 _aPRISIONEROS
650 4 _aPRISIONES
650 4 _aREVOLUCION
650 4 _aSINDICALISMO
650 4 _aSOCIALISMO
650 4 _aTRABAJADORES
653 _aCINE ARGENTINO
653 _aDOCUMENTALES
653 _aDVD
653 _aEXILIO
653 _aMADRES DE PLAZA DE MAYO
653 _aTERRORISMO DE ESTADO
653 _aVIDEOS
700 1 _aLagar, Laura
700 1 _aNeri, Omar
700 1 _aSimoncini, Mónica
700 1 _aVazquez, Susana
905 _a58496
942 _cDVD
999 _c54162
_d54162